Maori - general knowledge quiz - Statistics

General Stats
  • This quiz has been taken 525 times
    205 since last reset
  • The average score is 9 of 15
Answer Stats
Hint Answer % Correct
ratites (flightless birds) that were native to New Zealand, ranging from the size of a small dog to over 12 feet tall; thought to have gone extinct when the Māori first arrived moas, or dinornithiformes
93%
the Māori are native to what island country in the Pacific Ocean? New Zealand
93%
the New Zealand rugby team performs which traditional Māori challenging dance before its' matches? haka
91%
an animated disney movie in 2016, which uses some elements of Māori culture Moana
82%
a multipurpose, decorative canoe used for fishing, travelling, and war waka
82%
the Māori party held how many seats in the 51st New Zealand parliament? 2
65%
who was the first European explorer to have arrived on New Zealand and made contact with the Māori? Abel Tasman
65%
Māori often wear what form of body art? Ta moko, or tattoos
62%
treaty signed on February 6th, 1840, signed by representatives from the British Crown and several Māori chiefs treaty of Waitangi
59%
extended Māori families who inhabited shared settlements Whānau
58%
and these collectively formed a __________. Hapū
48%
and when did they arrive? around 1250
35%
which popular Māori actor voiced Boba Fett, as well as his father? Temuera Morrison
34%
traditional ballgame played by Māori with a woven ball Kī-o-rahi
19%
which LEGO theme was based heavily off of, and eventually received legal action for, Māori culture? bionicle
8%
No matching quizzes found
Score Distribution
Percent of People with Each Score
Percentile by Number Answered
Your Score History
You have not taken this quiz since the last reset